Petit Bac - Prénoms, Pays, Capitales - Statistiques

Statistiques générales
  • Ce quiz a été pris 22 866 fois
  • Le résultat moyen est 44 sur 82
Statistiques - réponses
Lettre Réponse % Correct
A Afghanistan; Afrique du sud, Albanie, Algérie, Allemagne, Andorre, Angola, Antigua-et-Barbuda, Arabie saoudite, Argentine, Arménie, Australie, Autriche, Azerbaidjan
97%
A Anne, Aurélie, Annie, Audrey
93%
B Bahamas, Bahreïn, Bangladesh, Barbade, Belgique, Bélize, Bénin, Bhoutan, Biélorussie, Birmanie, Bolivie, Bosnie-Herzégovine, Botswana, Brésil, Brunei, Bulgarie, Burkina Faso, Burundi
92%
C Cambodge, Cameroun, Canada, Cap-Vert, République centrafricaine, Chili, Chine, Chypre, Colombie, Comores, Congo, Republique démocratique du congo, Corée du Nord, Corée du Sud, Costa Rica, Côte d'Ivoire, Croatie, Cuba
88%
E Emilie, Elodie, Emma
87%
F Fidji, Finlande, France
85%
D Danemark, Djibouti, République dominicaine, Dominique
84%
E Egypte, Emirats arabes unis, Equateur, Erythrée, Espagne, Estonie, Eswatini, Etats-Unis, Ethiopie
84%
B Berlin, Bruxelles, Budapest, Bucarest, Belgrade, Bratislava, Berne, Bridgetown, Belmopan, Basseterre, Bakou, Bandar Seri Begawan, Bagdad, Bichkek, Beyrouth, Bangkok, Buenos Aires, Brasilia, Bogota, Banjul, Bissau, Bamako, Bangui, Brazzaville
80%
I Inde, Indonésie, Irak, Iran, Irlande, Islande, Israel, Italie
79%
M Macédoine du Nord, Madagascar, Malaisie, Malawi, Maldives, Mali, Malte, Maroc, Iles Marshall, Maurice, Mauritanie, Mexique, Micronésie, Moldavie, Monaco, Mongolie, Monténégro, Mozambique
79%
G Gabon, Gambie, Géorgie, Ghana, Grèce, Grenade, Guatemala, Guinée, Guinée-Bissau, Guinée équatoriale, Guyana
78%
P Pakistan, Palaos, Panama, Papouasie-Nouvelle-Guinée, Paraguay, Pays-Bas, Pérou, Philippines, Pologne, Portugal
78%
J Jamaïque, Japon, Jordanie
77%
L Laos, Lesotho, Lettonie, Liban, Liberia, Libye, Liechtenstein, Lituanie, Luxembourg
77%
S Saint-Christophe-et-Niévès, Sainte-Lucie, Saint-Marin, Saint-Vincent-et-les-Grenadines, Iles Salomon, Salvador, Samoa, Sao Tomé-et-Principe, Sénégal, Serbie, Seychelles, Sierra Leone, Singapour, Slovaquie, Slovénie, Somalie, Soudan, Soudan du Sud, Sri Lanka, Suède, Suisse, Suriname, Syrie
76%
R Roumanie, Royaume-Unis, Russie, Rwanda
75%
N Namibie, Nauru, Népal, Nicaragua, Niger, Nigéria, Norvège, Nouvelle-Zélande
74%
P Paris, Pristina, Podgorica, Prague, Port-au-Prince, Panama, Port-d'Espagne, Phnom Penh, Pekin, Pyongyang, Palikir, Port Moresby, Port-Vila, Paramaribo, Porto-Novo, Praia, Port-Louis
74%
A Andorre-la-vieille, Athènes, Amsterdam, Abou Dabi, Amman, Achgabat, Ankara, Apia, Astana, Asuncion, Alger, Asmara, Addis-Abeba, Accra, Antananarivo, Abuja
73%
T Tadjikistan, Taiwan, Tanzanie, Tchad, République tchèque, Thailande, Timor-Oriental, Togo, Tonga, Trinité-et-Tobago, Tunisie, Turkménistan, Turquie, Tuvalu
73%
A Alain, Alexandre, Antoine, Anthony, André, Alexis
72%
C Catherine, Christine, Céline, Chantal, Camille, Claude, Corinne, Christelle, Chloé, Caroline, Christiane
72%
H Haïti, Honduras, Hongrie
72%
M Minsk, Madrid, Monaco, Moscou, Mexico, Managua, Manama, Malé, Mascate, Manille, Majuro, Montevideo, Moroni, Mbabane, Malabo, Maseru, Monrovia, Maputo, Mogadiscio
69%
V Vanuatu, Vatican, Venezuela, Viet Nam
69%
L Luxembourg, La Valette, Lisbonne, Londres, Ljubljana, La Havane, La Paz, Lima, Le Cap, Luanda, Le Caire, Libreville, Lilongwe, Lomé, Lusaka
68%
K Kazakhstan, Kenya, Kirghizistan, Kiribati, Kosovo Koweit
67%
U Ukraine, Uruguay
66%
Z Zambie, Zimbabwe
63%
O Oman, Ouganda, Ouzbékistan
62%
P Philippe, Patrick, Pierre, Pascal, Paul
62%
D Dominique, Daniel, David, Didier
61%
Q Qatar
61%
Y Yémen
60%
C Christophe, Christian, Claude, Clément, Cédric
59%
J Jean, Julien, Jacques, Jean-Pierre, Jérôme, Jean-Claude, Joël
59%
M Marie, Martine, Monique, Manon, Michèle
59%
B Bernard, Bruno, Benjamin
58%
F Frédéric, François, Franck, Fabrice
56%
L Laurent, Lucas, Louis
56%
R Reykjavik, Riga, Roseau, Riyad, Rabat, Rome
56%
V Vienne, Vaduz, Vilnius, Varsovie, Vatican, Vientiane, Victoria
55%
S Sylvie, Sandrine, Sophie, Stéphanie, Sarah
54%
M Michel, Maxime, Marc, Mathieu
53%
T Tirana, Tallinn, Tegucigalpa, Thimphou, Tbilissi, Téhéran, Tokyo, Tachkent, Taipei, Tarawa, Tripoli, Tunis
53%
L Léa, Laurence, Laura
52%
D Dublin, Dacca, Doha, Damas, Douchanbé, Dili, Djibouti, Dakar, Djouba, Dodoma
51%
P Patricia, Patrice, Pauline
48%
J Julie
47%
O Oslo, Ottawa, Oulan-Bator, Ouagadougou
47%
S Sarajevo, Sofia, Skopje, Saint-Marin, Stockholm, Saint John's, San Jose, Saint George's, Saint-Domingue, San Salvador, Séoul, Singapour, Sri Jayawardenapura Kotte, Sanaa, Suva, Santiago, Sao Tomé
46%
W Washington, Wellington, Windhoek
46%
F Françoise, Florence
44%
C Copenhague, Chișinău, Castries, Canberra, Caracas, Conakry
43%
V Valérie, Véronique, Virginie
42%
K Kiev, Kingston, Kingstown, Kaboul, Koweit, Kuala Lumpur, Katmandou, Kampala, Kinshasa, Kigali, Khartoum
39%
D Dominique
38%
T Thierry, Thomas
38%
G Gérard, Guillaume, Gilles
35%
S Stéphane, Sébastien, Serge
35%
N Nathalie, Nicole
33%
K Kevin
32%
H Helsinki, Hanoï, Honiara, Harare
29%
R Romain
29%
N Nicolas
28%
B Brigitte
27%
O Olivier
27%
E Eric
26%
I Isabelle
25%
J Jakarta, Jérusalem
25%
N Nassau, Naypyidaw, Nicosie, New Delhi, Noursoultan, Ngerulmud, Nuku'alofa, Nairobi, Nouakchott, Niamey, Ndjamena
25%
V Vincent
25%
H Hugo
23%
H Hélène
22%
G Guatemala, Georgetown, Gaborone, Gitega
21%
Z Zagreb
21%
Q Quito
14%
E Erevan
13%
Y Yaren, Yaoundé, Yamoussoukro
13%
I Islamabad
12%
F Funafuti, Freetown
11%
Aucun quiz correspondant
Distribution des résultats
% des personnes avec chaque résultat
Percentile par nombre de réponses
Votre historique - résultats
Vous n’avez pas pris ce quiz